Participation for Progress: The Sixth National Development Plan (Record no. 2924)
[ view plain ]
| 000 -LEADER | |
|---|---|
| fixed length control field | 00272nam a22000977a 4500 |
| 008 - FIXED-LENGTH DATA ELEMENTS--GENERAL INFORMATION | |
| fixed length control field | 230627b xxu||||| |||| 00| 0 eng d |
| 082 ## - DEWEY DECIMAL CLASSIFICATION NUMBER | |
| Classification number | 338.9 |
| Item number | MOI |
| 245 ## - TITLE STATEMENT | |
| Title | Participation for Progress: The Sixth National Development Plan |
| Remainder of title | 1989-1993 |
| 300 ## - PHYSICAL DESCRIPTION | |
| Extent | VII,52p |
| 942 ## - ADDED ENTRY ELEMENTS (KOHA) | |
| Source of classification or shelving scheme | Dewey Decimal Classification |
| Koha item type | Books |
| Withdrawn status | Lost status | Source of classification or shelving scheme | Damaged status | Not for loan | Home library | Current library | Date acquired | Total Checkouts | Full call number | Barcode | Date last seen | Price effective from | Koha item type |
|---|---|---|---|---|---|---|---|---|---|---|---|---|---|
| Dewey Decimal Classification | County Hall Archives | County Hall Archives | 06/27/2023 | 338.9 MOI | 10006687 | 06/27/2023 | 06/27/2023 | Books | |||||
| Dewey Decimal Classification | County Hall Archives | County Hall Archives | 06/27/2023 | 338.9 MOI | 10006686 | 06/27/2023 | 06/27/2023 | Books | |||||
| Dewey Decimal Classification | County Hall Archives | County Hall Archives | 06/27/2023 | 338.9 MOI | 10006685 | 06/27/2023 | 06/27/2023 | Books |
